| 000 -CABECERA |
| Longitud fija campo de control |
00607nam a2200193 a 4500 |
| 001 - NÚMERO DE CONTROL |
| Número de control |
2170 |
| 003 - IDENTIFICADOR DEL NÚMERO DE CONTROL |
| Identificador del número de control |
CDMR |
| 005 - FECHA Y HORA DE LA ÚLTIMA TRANSACCIÓN |
| Fecha y hora de la última transacción |
20131023163454.0 |
| 008 - CÓDIGOS DE INFORMACIÓN DE LONGITUD FIJA |
| Códigos de información de longitud fija |
130130s2001||||||||||||||||||||||||||||d |
| 020 ## - NÚMERO INTERNACIONAL NORMALIZADO PARA LIBROS |
| Número Internacional Normalizado para Libros (ISBN) |
8489644624 |
| 040 ## - FUENTE DE LA CATALOGACIÓN |
| Centro catalogador de origen |
CDMR |
| Lengua de catalogación |
cat |
| Centro transcriptor |
CDMR |
| 100 1# - PUNTO DE ACCESO PRINCIPAL-NOMBRE DE PERSONA |
| Nombre de persona |
Munsó Cabús, Joan |
| 9 (RLIN) |
68 |
| 245 13 - MENCIÓN DE TÍTULO |
| Título |
La otra cara de la televisión |
| Resto del título |
: 45 años de historia y política audiovisual |
| Mención de responsabilidad, etc. |
Joan Munsó Cabús |
| 260 ## - PUBLICACIÓN, DISTRIBUCIÓN, ETC. (PIE DE IMPRENTA) |
| Lugar de publicación, distribución, etc. |
Barcelona |
| Fecha de publicación, distribución, etc. |
2001 |
| Nombre del editor, distribuidor, etc. |
Flor del Viento |
| 490 0# - MENCIÓN DE SERIE |
| Mención de serie |
Del viento terral |
| Designación de volumen o secuencia |
23 |
| 650 04 - PUNTO DE ACCESO ADICIONAL DE MATERIA - TÉRMINO DE MATERIA |
| 9 (RLIN) |
1116 |
| Término de materia o nombre geográfico como elemento inicial |
Televisió |
| Subdivisión de materia general |
Història |
| Subdivisión geográfica |
Espanya |
| 650 04 - PUNTO DE ACCESO ADICIONAL DE MATERIA - TÉRMINO DE MATERIA |
| 9 (RLIN) |
3730 |
| Término de materia o nombre geográfico como elemento inicial |
Política de la televisió |
| Subdivisión geográfica |
Espanya |
| 942 ## - ENTRADA DE ELEMENTOS AGREGADOS (KOHA) |
| Koha [por defecto] tipo de item |
Monografies |
| Fuente de clasificaión o esquema |
|